000 00301nam a2200133 i 4500
001 bg
245 0 _aBooks in print 1985-1986.
_nVol. 6,
_pTitles Q-Z.
260 _aNew York,
_c1985.
040 _cBPK
041 _apol
080 _a017.4
942 _cKS
008 s pl f |000 0 pol
999 _c23127
_d23127
856 _uhttp://koha.tu.koszalin.pl/cgi-bin/koha/opac-detail.pl?biblionumber=23127
_yKatalog online BPK